[Event "Chess24 October Blitz"]
[Site "chess24.com INT"]
[Date "2020.10.01"]
[Round "8"]
[White "Svidler, Peter"]
[Black "Anton Guijarro, David"]
[Result "1-0"]
[WhiteElo "2723"]
[BlackElo "2681"]
[PlyCount "63"]
[EventDate "2020.10.01"]
[EventType "tourn (blitz)"]
[EventRounds "10"]
[EventCountry "GER"]
[EventCategory "19"]
[SourceTitle "CBM 198 Extra"]
[Source "ChessBase"]
[SourceDate "2020.11.30"]
[SourceVersion "1"]
[SourceVersionDate "2020.11.30"]
[SourceQuality "1"]

1. Nf3 d5 2. g3 g6 3. c4 dxc4 4. Qa4+ Nc6 5. Bg2 Bg7 6. O-O Nh6 7. Qxc4 Nf5 8. Nc3 O-O 9. d3 a6 $146 ({RR} 9... e5 10. Bg5 Nce7 11. Nh4 Nxh4 12. Qxh4 f6 13. Qc4+ Kh8 14. Be3 Nf5 15. Bc5 Re8 16. e3 c6 17. Rfd1 Be6 18. Qa4 Qd7 19. d4 exd4 20. e4 Nh6 21. Bxd4 Qe7 22. h3 Nf7 23. Kh2 Ne5 24. f4 {Fedoseev,V (2696)-Caspi,I (2510) Belgrade 2021 1-0 (47)}) 10. Bg5 h6 11. Bd2 e5 12. Rac1 Be6 13. Qc5 Re8 14. Qa3 Bf8 15. Qa4 Bg7 16. Rfe1 Rb8 17. Ne4 Bd5 18. Nc5 Ncd4 19. Nxd4 exd4 20. Qd7 Bxg2 21. Kxg2 g5 22. Qxf5 b6 23. Nxa6 Rb7 24. Qf3 Ra7 25. Nb4 Qd7 26. Qc6 Qd8 27. a3 Re6 28. Qd5 Rd6 29. Qf3 Qd7 30. Nc6 Ra4 31. Bb4 Re6 32. b3 1-0

[Event "Speed Chess Super Swiss"]
[Site "Chess.com INT"]
[Date "2020.10.03"]
[Round "11"]
[White "Nepomniachtchi, Ian"]
[Black "Nakamura, Hikaru"]
[Result "1-0"]
[WhiteElo "2784"]
[BlackElo "2736"]
[PlyCount "93"]
[EventDate "2020.10.03"]
[EventType "swiss (blitz)"]
[EventRounds "15"]
[EventCountry "USA"]
[SourceTitle "CBM 198 Extra"]
[Source "ChessBase"]
[SourceDate "2020.11.30"]
[SourceVersion "1"]
[SourceVersionDate "2020.11.30"]
[SourceQuality "1"]

1. b3 c5 2. Bb2 d5 3. e3 Nc6 4. Nf3 Nf6 5. Bb5 Bd7 6. O-O e6 7. c4 dxc4 8. bxc4 ({RR} 8. Bxc4 Be7 9. Be2 O-O 10. Na3 Nd5 11. Nc4 Bf6 12. Rc1 Bxb2 13. Nxb2 Qe7 14. Qc2 b6 15. Nc4 e5 16. d3 Rfe8 17. Qb2 Bg4 18. h3 Bh5 19. Rfd1 Bg6 20. a3 Rad8 21. Ncd2 Na5 22. Nc4 Nc6 {Karjakin,S (2782)-Anand,V (2760) Stavanger 2018 ½-½}) 8... Be7 9. Nc3 O-O 10. Ne2 $146 ({RR} 10. Qe2 Qc7 11. Rab1 Rad8 12. Rfd1 Bc8 13. h3 b6 14. a3 Bb7 15. Ba4 Na5 16. d3 Qb8 17. Ba1 Ne8 18. Nd2 Nd6 19. Nb5 Nf5 20. Bc2 Nc6 21. Ne4 Rd7 22. Qg4 Ne5 23. Qf4 Nc6 24. Qg4 Ne5 {Sochacki,C (2487)-Postny,E (2562) Chartres 2022 ½-½}) ({RR} 10. Rb1 a6 11. Ba4 Qc7 12. a3 Rfd8 13. Qe2 Ng4 14. h3 Nge5 15. Ne1 Na5 16. d3 Bf6 17. Bxd7 Nxd7 18. Ne4 Bxb2 19. Qxb2 b5 20. cxb5 axb5 21. Nf3 Rab8 22. Rfc1 c4 23. Qc3 Qa7 24. Nd4 Qa6 {Domingo Nunez,R (2426)-Pasti,A (2372) chess.com INT 2025 1-0 (58)}) 10... Na5 11. Qc2 Rc8 12. Bxd7 Nxd7 13. d3 a6 14. Ng3 Bf6 15. Ne4 Bxb2 16. Qxb2 Qc7 17. Rab1 Rb8 18. Rfc1 h6 19. Nfd2 Rfc8 20. Ng3 Nc6 21. Nde4 Nce5 22. Nh5 f6 23. Nf4 Qc6 24. Qe2 Rd8 25. Ng3 Nf8 26. Rd1 b5 27. cxb5 Rxb5 28. Rbc1 Qb7 29. d4 Rb2 30. dxe5 Rxe2 31. Rxd8 Qb2 32. Nfxe2 Qxe5 33. Rc8 Qb2 34. a4 Qa3 35. R8xc5 Qxa4 36. Rc8 a5 37. Ra8 Qb4 38. h3 Kh7 39. Rc7 e5 40. Re8 a4 41. Ree7 a3 42. Rxg7+ Kh8 43. Nc3 Ne6 44. Rh7+ Kg8 45. Ra7 Qxc3 46. Nf5 Nc7 47. Rhxc7 1-0

[Event "Speed Chess Super Swiss KO"]
[Site "Chess.com INT"]
[Date "2020.10.04"]
[Round "1.1"]
[White "Nakamura, Hikaru"]
[Black "Sjugirov, Sanan"]
[Result "1-0"]
[WhiteElo "2736"]
[BlackElo "2675"]
[PlyCount "153"]
[EventDate "2020.10.04"]
[EventType "k.o. (blitz)"]
[EventRounds "4"]
[EventCountry "USA"]
[SourceTitle "CBM 198 Extra"]
[Source "ChessBase"]
[SourceDate "2020.11.30"]
[SourceVersion "1"]
[SourceVersionDate "2020.11.30"]
[SourceQuality "1"]

1. Nf3 d5 2. b3 Nf6 3. Bb2 Bg4 4. e3 e6 5. h3 Bh5 6. g4 Bg6 7. Nh4 c5 8. d3 Nc6 ({RR} 8... Nfd7 9. Nxg6 hxg6 10. Nd2 Nc6 11. Bg2 g5 12. c4 d4 13. Qe2 Qc7 14. O-O-O Be7 15. Bxc6 bxc6 16. exd4 cxd4 17. Bxd4 Bf6 18. Bxf6 gxf6 19. d4 a5 20. a3 Rb8 21. Kb2 Kf8 22. c5 e5 23. Ne4 {Nakamura,H (2750)-Jaracz,P (2465) Chess.com INT 2022 1-0}) 9. Nd2 Be7 ({RR} 9... d4 10. Nxg6 hxg6 11. Bg2 Nd5 12. Qe2 Be7 13. O-O-O Ncb4 14. Bxd5 Qxd5 15. Kb1 O-O-O 16. f4 dxe3 17. Qxe3 Rh7 18. Rhf1 Nc6 19. Ne4 b6 20. Nc3 Qd7 21. Ne2 Bf6 22. Bxf6 gxf6 23. f5 exf5 24. gxf5 {Nakamura,H (2788)-Navara,D (2679) chess.com INT 2024 1-0 (66)}) 10. Bg2 $146 ({RR} 10. Nxg6 hxg6 11. Bg2 e5 12. Qe2 Qd6 13. e4 Nd4 14. Qd1 O-O-O 15. c3 Ne6 16. exd5 Nf4 17. Be4 N6xd5 18. Nc4 Qe6 19. Qc2 f5 20. Bxd5 Rxd5 21. O-O-O Rxh3 22. Rxh3 Nxh3 23. gxf5 gxf5 24. Ne3 Rd8 {Antonova,N (1909)-Pourkashiyan,A (2322) Chess.com INT 2022 1-0 (40)}) 10... Qc7 11. a3 Rd8 12. Qe2 d4 13. O-O O-O 14. Bxc6 Qxc6 15. e4 Nd7 16. Ng2 Rde8 17. f4 f5 18. Rae1 Bd8 19. Rf2 Ba5 20. e5 Nb6 21. Ref1 Bxd2 22. Qxd2 Nd5 23. Qe2 Re7 24. Bc1 Be8 25. Nh4 Qc8 26. gxf5 exf5 27. Rg2 Nc7 28. Kh2 Ne6 29. Rfg1 Bc6 30. Rg3 Qe8 31. Bd2 b6 32. a4 a5 33. Ng2 Qf7 34. Nh4 Qe8 35. Nf3 Qh5 36. Nxd4 Qxe2+ 37. Nxe2 g6 38. h4 Ng7 39. Re3 Nh5 40. Rf1 Rd8 41. Ng3 Ng7 42. h5 Kf7 43. Be1 Ne6 44. Ne2 Ng7 45. h6 Ne6 46. Bh4 Red7 47. Bxd8 Rxd8 48. Ng1 Ke7 49. Nh3 Nd4 50. Rf2 Ne6 51. Kg3 Rd4 52. c3 Rd8 53. Ng5 Nxg5 54. fxg5 Ke6 55. Kf4 Bd5 56. Rb2 Bc6 57. Rb1 Rd7 58. Rh3 Rd8 59. Ke3 Kxe5 60. Rh4 Kd6 61. Kd2 Bd5 62. c4 Bc6 63. Re1 Rf8 64. Rf4 Bd7 65. d4 Bc6 66. d5 Bd7 67. Re3 Rf7 68. Rff3 Rf8 69. Re1 Rf7 70. Ke3 Re7+ 71. Kf2 Rf7 72. Rfe3 f4 73. Re4 Rf5 74. Rg1 f3 75. Re3 Rf4 76. Rxf3 Rd4 77. Rf6+ 1-0

[Event "Titled Tuesday intern op 06th Oct"]
[Site "Chess.com INT"]
[Date "2020.10.06"]
[Round "9"]
[White "Pantsulaia, Levan"]
[Black "Narayanan, Sunilduth Lyna"]
[Result "1-0"]
[WhiteElo "2553"]
[BlackElo "2618"]
[PlyCount "93"]
[EventDate "2020.10.06"]
[EventType "swiss (blitz)"]
[EventRounds "10"]
[EventCountry "USA"]
[SourceTitle "CBM 198 Extra"]
[Source "ChessBase"]
[SourceDate "2020.11.30"]
[SourceVersion "1"]
[SourceVersionDate "2020.11.30"]
[SourceQuality "1"]

1. Nf3 d5 2. g3 Nc6 3. c4 d4 4. d3 e5 5. Bg2 Nf6 6. O-O a5 7. Na3 Bc5 8. Nb5 h6 9. e3 dxe3 10. Bxe3 Bxe3 11. fxe3 O-O 12. d4 exd4 13. exd4 Bg4 $146 ({RR} 13... Ne7 14. Ne5 c6 15. Nc3 Nf5 16. Rf4 Ne3 17. Qd3 Nxg2 18. Kxg2 Re8 19. Qf3 Be6 20. Rf1 Qe7 21. d5 cxd5 22. cxd5 Bc8 23. Nc4 Qc5 24. Rxf6 gxf6 25. Qxf6 Qe7 26. Qxh6 Ra6 27. d6 Qe6 28. Qg5+ {Sokolovsky,Y (2546)-Vokhidov,S (2648) chess.com INT 2025 0-1 (38)}) 14. Qd2 Bxf3 15. Bxf3 Ne5 16. Be2 c6 17. Nc3 Re8 18. Rad1 Ned7 19. Bf3 Qb6 20. b3 Rad8 21. Qf2 Qb4 22. Ne2 Nf8 23. Nf4 Qd6 24. c5 Qc7 25. d5 N8d7 26. d6 Qb8 27. a3 Ne5 28. b4 axb4 29. axb4 b6 30. Nh5 Nxh5 31. Bxh5 g6 32. Bf3 bxc5 33. bxc5 Qa7 34. Bg2 Re6 35. h3 Rf8 36. Kh2 Kg7 37. Rde1 Kh7 38. Qd4 f6 39. Ra1 Qg7 40. Ra2 f5 41. Kh1 h5 42. Rfa1 Rf7 43. Re2 Rf8 44. Rae1 Rfe8 45. Bxc6 Rc8 46. Bg2 Rce8 47. c6 1-0

[Event "Prague m"]
[Site "Prague"]
[Date "2020.10.10"]
[Round "3"]
[White "Short, Nigel D"]
[Black "Nguyen, Thai Dai Van"]
[Result "1-0"]
[WhiteElo "2626"]
[BlackElo "2571"]
[PlyCount "93"]
[EventDate "2020.10.10"]
[EventType "match (rapid)"]
[EventRounds "10"]
[EventCountry "CZE"]
[SourceTitle "CBM 198 Extra"]
[Source "ChessBase"]
[SourceDate "2020.11.30"]
[SourceVersion "1"]
[SourceVersionDate "2020.11.30"]
[SourceQuality "1"]

1. b3 Nf6 2. Bb2 g6 3. g3 Bg7 4. Bg2 O-O 5. Nf3 c5 6. c4 Nc6 7. O-O d5 8. Ne5 Nxe5 9. Bxe5 Be6 ({RR} 9... d4 10. b4 Nd7 11. Bxg7 Kxg7 12. e3 Ne5 13. bxc5 dxe3 14. fxe3 Bg4 15. Qb3 Be2 16. Rf4 g5 17. Rf5 f6 18. d4 Bxc4 19. Qc3 Be6 20. Rf1 Nc6 21. d5 Bxd5 22. Rd1 e6 23. e4 Qe7 24. exd5 {Olenik Campa,R (2290)-Ivancic,I (1983) Nova Gorica SLO 2025 1-0}) 10. Nc3 d4 11. Na4 $146 ({RR} 11. Nb5 Qd7 12. Nc7 Rac8 13. Nxe6 Qxe6 14. Bxf6 Bxf6 15. Bxb7 d3 16. Bxc8 Rxc8 17. exd3 Bxa1 18. Qxa1 Qd6 19. Re1 e6 20. Re3 Qa6 21. d4 cxd4 22. Qxd4 Qxa2 23. Qd7 Rb8 24. Rf3 Rf8 25. c5 Qb1+ {Ornstein,A (2440)-Thornblom,N Stockholm 1977 1-0 (37)}) 11... Qc8 12. e3 dxe3 13. dxe3 Bg4 14. Qc2 Rd8 15. f3 Bf5 16. Qb2 b6 17. Rad1 Rxd1 18. Rxd1 Bh3 19. Nc3 Bxg2 20. Qxg2 Qe6 21. f4 Rf8 22. Qf3 Ne8 23. Bxg7 Nxg7 24. g4 Ne8 25. Kf2 Nd6 26. h3 Kg7 27. Qd5 Qxd5 28. Rxd5 f6 29. e4 Kf7 30. Ke3 Rc8 31. a4 Ke8 32. Nb5 Nxb5 33. axb5 a6 34. bxa6 Ra8 35. e5 fxe5 36. Rxe5 Rxa6 37. Re6 Ra1 38. Rxb6 Rh1 39. g5 Rxh3+ 40. Ke4 Kd7 41. Kd5 Rf3 42. Rb7+ Ke8 43. Kxc5 Rxf4 44. b4 Rf5+ 45. Kc6 Rxg5 46. b5 h5 47. b6 1-0

[Event "Titled Tuesday intern op 13th Oct"]
[Site "Chess.com INT"]
[Date "2020.10.13"]
[Round "9"]
[White "Pantsulaia, Levan"]
[Black "Fedoseev, Vladimir1"]
[Result "1-0"]
[WhiteElo "2553"]
[BlackElo "2674"]
[PlyCount "77"]
[EventDate "2020.10.13"]
[EventType "swiss (blitz)"]
[EventRounds "10"]
[EventCountry "USA"]
[SourceTitle "CBM 198 Extra"]
[Source "ChessBase"]
[SourceDate "2020.11.30"]
[SourceVersion "1"]
[SourceVersionDate "2020.11.30"]
[SourceQuality "1"]

1. Nf3 d5 2. g3 c5 3. c4 d4 4. e3 Nc6 5. exd4 cxd4 6. Bg2 e5 7. O-O Nf6 8. d3 Nd7 9. Re1 Be7 10. Na3 O-O 11. Nc2 a5 12. a3 $146 ({RR} 12. Rb1 Re8 13. a3 a4 14. Bd2 Bd6 15. Bb4 Nc5 16. Bxc5 Bxc5 17. Nd2 Na5 18. b4 axb3 19. Nxb3 Nxb3 20. Rxb3 Ra7 21. Bd5 b6 22. Qf3 Qc7 23. Reb1 Kh8 24. Re1 f5 25. Re2 Qd6 26. Nb4 Bxb4 {Pantsulaia,L (2590)-Bin Suhayl,I (2240) Cattolica 2022 1-0 (65)}) 12... Re8 13. Bd2 a4 14. Nb4 Bf6 15. Nd5 Nc5 16. Bb4 Nb3 17. Rb1 Bf5 18. Nd2 Bxd3 19. Nxb3 Bxb1 20. Nc5 Nxb4 21. axb4 Ba2 22. Nxb7 Qb8 23. Nxf6+ gxf6 24. Qg4+ Kh8 25. Qh4 Re6 26. Be4 Qg8 27. Nc5 Rf8 28. Nd7 Rc8 29. Nxf6 Qg7 30. Bf5 Rxf6 31. Bxc8 Rc6 32. Bb7 Rg6 33. Bd5 f6 34. Rxe5 Qf8 35. Re1 d3 36. Qd4 Qxb4 37. Re8+ Kg7 38. Rg8+ Kh6 39. Qh4# 1-0

[Event "Texas Collegiate Finals"]
[Site "chess24.com INT"]
[Date "2020.10.18"]
[Round "5.1"]
[White "Sjugirov, Sanan"]
[Black "Baryshpolets, Andrey"]
[Result "1-0"]
[WhiteElo "2675"]
[BlackElo "2569"]
[PlyCount "87"]
[EventDate "2020.10.17"]
[EventType "team-tourn (rapid)"]
[EventRounds "8"]
[EventCountry "USA"]
[SourceTitle "CBM 198 Extra"]
[Source "ChessBase"]
[SourceDate "2020.11.30"]
[SourceVersion "1"]
[SourceVersionDate "2020.11.30"]
[SourceQuality "1"]
[WhiteTeam "Texas Rio Grande Valley Univ"]
[BlackTeam "Texas Tech Univ"]
[WhiteTeamCountry "USA"]
[BlackTeamCountry "USA"]

1. c4 e6 2. Nf3 d5 3. g3 Nf6 4. Bg2 d4 5. O-O c5 6. d3 Nc6 7. e3 Bd6 8. exd4 cxd4 9. Bg5 h6 10. Bxf6 Qxf6 11. Nbd2 Qe7 12. a3 a5 13. Rc1 O-O 14. Re1 a4 15. Ne4 Bc7 16. c5 f5 17. Ned2 $146 ({RR} 17. Nd6 Bxd6 18. cxd6 Qxd6 19. Nd2 Ra6 20. Nc4 Qb8 21. Bxc6 bxc6 22. Re5 Ra7 23. Qe2 f4 24. Rc5 fxg3 25. hxg3 Raf7 26. f4 g5 27. Ne5 Rg7 28. Qh5 gxf4 29. Ng4 f3 30. Kf2 Bd7 31. b4 Be8 {Tabatabaei,M (2685)-Sindarov,J (2658) Hangzhou CHN 2023 1-0 (34)}) 17... e5 18. Nxe5 Nxe5 19. f4 Qf6 20. fxe5 Bxe5 21. c6 b5 22. c7 Ra6 23. Qf3 Kh7 24. Qd5 Re6 25. Nf3 Rfe8 26. Qxb5 R8e7 27. Qb8 Re8 28. Qb4 R8e7 29. Nxe5 Rxe5 30. Rxe5 Qxe5 31. Qc5 Qe3+ 32. Kh1 f4 33. gxf4 Qxf4 34. Qc6 g6 35. Qc2 h5 36. Qc5 Qe3 37. Rg1 h4 38. Qd6 Bf5 39. c8=Q Bxc8 40. Be4 Rg7 41. Bxg6+ Kh6 42. Be4+ Kh5 43. Qe5+ Rg5 44. Qh8# 1-0

[Event "Titled Tuesday intern op 20th Oct"]
[Site "Chess.com INT"]
[Date "2020.10.20"]
[Round "4"]
[White "Artemiev, Vladislav"]
[Black "Grigoriants, Sergey"]
[Result "1-0"]
[WhiteElo "2716"]
[BlackElo "2546"]
[PlyCount "45"]
[EventDate "2020.10.20"]
[EventType "swiss (blitz)"]
[EventRounds "11"]
[EventCountry "USA"]
[SourceTitle "EXT 2022"]
[Source "ChessBase"]
[SourceDate "2021.10.06"]
[SourceVersion "1"]
[SourceVersionDate "2021.10.06"]
[SourceQuality "1"]

1. Nf3 d5 2. b3 Bg4 3. e3 e6 4. Bb2 Nf6 5. h3 Bh5 6. d3 Bd6 ({RR} 6... h6 7. g4 Bg6 8. Ne5 Bh7 9. Nd2 Nfd7 10. Nxd7 Nxd7 11. Bg2 c6 12. Qe2 Qc7 13. f4 f6 14. O-O-O Qa5 15. e4 O-O-O 16. Kb1 Ba3 17. Bxa3 Qxa3 18. exd5 exd5 19. Rhe1 f5 20. Nf3 fxg4 21. hxg4 {Carlsen,M (2853)-Aronian,L (2742) Dubai UAE 2023 0-1}) ({RR} 6... a5 7. a3 Bxf3 8. Qxf3 a4 9. b4 c5 10. bxc5 Bxc5 11. d4 Qb6 12. Ra2 Bd6 13. Nd2 Qa5 14. Bd3 Nc6 15. Ke2 b5 16. c4 bxc4 17. Nxc4 dxc4 18. Qxc6+ Ke7 19. Qb7+ Nd7 20. Bxc4 Rhc8 21. Bd3 {Boyer,M (2529)-Navara,D (2663) Eforie Nord ROU 2025 0-1 (43)}) ({RR} 6... Nbd7 7. g4 Bg6 8. g5 Nh5 9. Rg1 Bb4+ 10. Nbd2 Qe7 11. a3 Bd6 12. Nh4 h6 13. Nxg6 fxg6 14. gxh6 Rxh6 15. c4 O-O-O 16. b4 Bh2 17. Rg2 Be5 18. d4 Bf6 19. Qa4 Kb8 20. c5 e5 21. Nb3 {Artemiev,V (2709)-Svane,R (2613) Chess.com INT 2021 0-1 (32)}) 7. g4 Bg6 8. g5 $146 ({RR} 8. Ne5 Nbd7 9. Nxg6 hxg6 10. Bg2 c6 11. Nd2 Qa5 12. a3 e5 13. b4 Qc7 14. c4 a5 15. g5 Nh5 16. cxd5 axb4 17. axb4 Rxa1 18. Qxa1 Bxb4 19. dxc6 Nc5 20. O-O Bxd2 21. Bxe5 Qa5 22. cxb7 Nxb7 {Goedel,R (2069)-Gil,A (1962) Bayern 2015 1-0 (33)}) 8... Nh5 9. Rg1 Nd7 10. Nh4 Be7 11. Qg4 O-O 12. Nd2 a5 13. a4 f5 14. gxf6 Bxf6 15. Nxg6 hxg6 16. d4 Bh4 17. Nf3 Rxf3 18. Qxf3 Qe7 19. Qg4 Rf8 20. Rg2 Qb4+ 21. Ke2 Qe7 22. Qxg6 Ndf6 23. Ba3 1-0

[Event "Titled Tuesday intern op 20th Oct"]
[Site "Chess.com INT"]
[Date "2020.10.20"]
[Round "7"]
[White "Sanal, Vahap"]
[Black "Sjugirov, Sanan"]
[Result "1-0"]
[WhiteElo "2581"]
[BlackElo "2675"]
[PlyCount "63"]
[EventDate "2020.10.20"]
[EventType "swiss (blitz)"]
[EventRounds "11"]
[EventCountry "USA"]
[SourceTitle "EXT 2022"]
[Source "ChessBase"]
[SourceDate "2021.10.06"]
[SourceVersion "1"]
[SourceVersionDate "2021.10.06"]
[SourceQuality "1"]

1. Nf3 d5 2. g3 Bg4 3. Bg2 c6 4. O-O e6 5. d3 Nd7 6. Nbd2 Bd6 7. b3 Ne7 8. Bb2 O-O 9. h3 Bh5 10. g4 ({RR} 10. e4 a5 11. a3 f6 12. d4 f5 13. e5 Bc7 14. c4 a4 15. b4 b5 16. c5 h6 17. Qc2 g5 18. Nh2 Kh8 19. Kh1 Qe8 20. Bf3 Bxf3+ 21. Ndxf3 Qh5 22. Kg2 Rf7 23. Rh1 Rg8 24. Rag1 Qg6 {Sasikiran,K (2639)-Anand,V (2803) Berlin 2015 ½-½}) ({RR} 10. e4 a5 11. a4 Rc8 12. g4 Bg6 13. Re1 Bf4 14. Ra2 Re8 15. Nf1 Qc7 16. h4 h6 17. g5 dxe4 18. dxe4 Bh5 19. Qd4 e5 20. Qc3 Ng6 21. N1h2 Ndf8 22. Raa1 Rcd8 23. Bc1 hxg5 24. hxg5 Bxc1 {Alaverdyan,G (2262)-Dhulipalla,B (2439) Yerevan ARM 2024 0-1 (68)}) 10... Bg6 11. Nh4 f6 12. e3 $146 ({RR} 12. Nxg6 Nxg6 13. e3 Qe7 14. f4 Nh4 15. Qe1 Nxg2 16. Kxg2 f5 17. Nf3 fxg4 18. hxg4 e5 19. f5 e4 20. Nd4 Qg5 21. Qe2 Nf6 22. Ne6 Qh4 23. Rf4 Bxf4 24. exf4 Qxg4+ 25. Qxg4 Nxg4 26. Nxg7 h6 {Schein,K (2187)-Van Hoolandt,P (2063) Chess.com INT 2020 0-1 (34)}) 12... Bf7 13. f4 e5 14. Kh1 Qc7 15. Qf3 Rae8 16. Rae1 Qa5 17. Qf2 Qxa2 18. Rb1 Qa5 19. Ra1 Qb6 20. f5 a5 21. Qg3 Qc7 22. e4 Bb4 23. Nhf3 Ra8 24. h4 Kh8 25. Bh3 Rfd8 26. g5 Bh5 27. Nd4 Bxd2 28. Ne6 Qd6 29. gxf6 Bh6 30. fxg7+ Kg8 31. f6 Ng6 32. f7# 1-0

[Event "Titled Tuesday intern op 20th Oct"]
[Site "Chess.com INT"]
[Date "2020.10.20"]
[Round "9"]
[White "Sanal, Vahap"]
[Black "Zubov, Alexander"]
[Result "1-0"]
[WhiteElo "2581"]
[BlackElo "2589"]
[PlyCount "41"]
[EventDate "2020.10.20"]
[EventType "swiss (blitz)"]
[EventRounds "11"]
[EventCountry "USA"]
[SourceTitle "EXT 2022"]
[Source "ChessBase"]
[SourceDate "2021.10.06"]
[SourceVersion "1"]
[SourceVersionDate "2021.10.06"]
[SourceQuality "1"]

1. Nf3 d5 2. g3 g6 3. Bg2 Bg7 4. O-O e5 5. d3 Ne7 6. Nbd2 Nbc6 7. e4 O-O 8. Re1 h6 9. c3 a5 10. a4 Re8 ({RR} 10... Be6 11. exd5 Bxd5 12. Nf1 Qd7 13. Ne3 Be6 14. Nc4 f6 15. Na3 Rad8 16. d4 exd4 17. Nxd4 Nxd4 18. Qxd4 Nd5 19. c4 Nb4 20. Qxd7 Bxd7 21. Bxb7 g5 22. Bf3 f5 23. Rb1 Bxa4 24. Be3 Bb3 25. Nb5 {Amin,B (2662)-Najer,E (2679) Doha 2016 0-1 (58)}) 11. Qc2 ({RR} 11. b3 Be6 12. Ba3 f5 13. Qc2 Nc8 14. Nh4 Kh7 15. exf5 gxf5 16. Re2 e4 17. dxe4 dxe4 18. Rae1 Nd6 19. Bxd6 cxd6 20. Nxe4 fxe4 21. Bxe4+ Kg8 22. Bxc6 bxc6 23. Rxe6 Rxe6 24. Rxe6 Qd7 25. Qg6 Qf7 {Rohit,S (2266)-Patel,M (2025) chess.com INT 2025 1-0}) 11... Be6 12. exd5 $146 ({RR} 12. Nf1 Qd7 13. Be3 Rad8 14. Rad1 d4 15. Bc1 Nc8 16. b3 b6 17. cxd4 Nb4 18. Qb1 exd4 19. N1d2 Nd6 20. Bb2 Nb7 21. Rc1 Nc5 22. Bf1 Nxb3 23. Nxb3 Bxb3 24. e5 c5 {0-1 (24) Gorshtein,I (2471)-Kollars,D (2627) Chess.com INT 2022}) 12... Bxd5 13. Nc4 Nf5 14. Ne3 Be6 15. Ng4 Qd6 16. Nd2 Rad8 17. Ne4 Qe7 18. b3 Nd6 19. Nxh6+ Kf8 20. Ng5 f5 21. Nh7# 1-0

[Event "Capechecs Online Trophy-A"]
[Site "Europe Echecs INT"]
[Date "2020.10.23"]
[Round "2"]
[White "Amin, Bassem"]
[Black "Edouard, Romain"]
[Result "1-0"]
[WhiteElo "2690"]
[BlackElo "2645"]
[PlyCount "47"]
[EventDate "2020.10.23"]
[EventType "tourn (rapid)"]
[EventRounds "14"]
[EventCountry "FRA"]
[EventCategory "13"]
[SourceTitle "EXT 2022"]
[Source "ChessBase"]
[SourceDate "2021.10.06"]
[SourceVersion "1"]
[SourceVersionDate "2021.10.06"]
[SourceQuality "1"]

1. e4 e6 2. d3 d5 3. Nd2 c5 4. g3 Nc6 5. Bg2 g6 6. Ngf3 Bg7 7. O-O Nge7 8. Re1 O-O 9. h4 h6 10. e5 Qc7 11. Qe2 b5 ({RR} 11... Nf5 12. c3 h5 13. Nf1 b5 14. N1h2 b4 15. g4 hxg4 16. Nxg4 bxc3 17. bxc3 Qa5 18. Qc2 Ba6 19. Bg5 Qb5 20. Bf1 Rfb8 21. Rab1 Qa5 22. Nf6+ Kh8 23. h5 Rxb1 24. Rxb1 gxh5 25. Qe2 Qxc3 26. Rc1 {Erigaisi,A (2778)-Drozdowski,K (2448) chess.com INT 2024 1-0 (44)}) 12. Nf1 b4 13. Bf4 a5 14. N1h2 $146 ({RR} 14. Ne3 h5 15. g4 Nd4 16. Nxd4 cxd4 17. Nf1 hxg4 18. Rac1 f5 19. f3 gxf3 20. Qxf3 Bd7 21. Qg3 Be8 22. Nd2 g5 23. Qxg5 Ng6 24. Nf3 Ra7 25. Bh3 Kh7 26. Kh1 Nxf4 27. Qxf4 Bh6 28. Ng5+ Bxg5 {Espinoza Solano,J (2061)-Picado,J (2202) Managua 2020 ½-½ (71)}) 14... Nf5 15. c3 a4 16. a3 bxc3 17. bxc3 Rb8 18. Ng4 Rb3 19. Qd2 Kh7 20. Nf6+ Bxf6 21. exf6 Qd8 22. g4 Nd6 23. Bxh6 Rh8 24. Bg7 1-0

[Event "Capechecs Online Trophy f"]
[Site "Europe Echecs INT"]
[Date "2020.10.25"]
[Round "2.2"]
[White "Nihal, Sarin"]
[Black "Cheparinov, Ivan"]
[Result "1-0"]
[WhiteElo "2620"]
[BlackElo "2686"]
[PlyCount "71"]
[EventDate "2020.10.25"]
[EventType "k.o. (rapid)"]
[EventRounds "3"]
[EventCountry "FRA"]
[SourceTitle "EXT 2022"]
[Source "ChessBase"]
[SourceDate "2021.10.06"]
[SourceVersion "1"]
[SourceVersionDate "2021.10.06"]
[SourceQuality "1"]

1. b3 c5 2. Bb2 Nc6 3. Nf3 d6 4. d4 cxd4 5. Nxd4 Nf6 6. Nxc6 bxc6 7. g3 ({RR} 7. e3 g6 8. Be2 Bg7 9. O-O O-O 10. c4 c5 11. Bf3 Rb8 12. Nc3 Nd7 13. Qd2 Ne5 14. Be2 Bb7 15. Rad1 a6 16. Qc1 Re8 17. Qa1 Nd7 18. Rd2 Qc8 19. Rfd1 Bc6 20. Nd5 Bxb2 21. Qxb2 a5 {Nakamura,H (2785)-Yu,Y (2738) Caleta 2017 ½-½ (65)}) ({RR} 7. Nd2 e6 8. e3 Be7 9. Bd3 O-O 10. O-O Bb7 11. e4 a5 12. a4 Nd7 13. Re1 Bf6 14. Bxf6 Qxf6 15. Nc4 Qe7 16. Qd2 Ne5 17. Nxa5 Ba6 18. Bxa6 Rxa6 19. Qc3 c5 20. Rad1 Rb8 21. Nc4 f6 {Nihal,S (2676)-Nazari,A (2366) chess.com INT 2023 1-0 (50)}) 7... h5 $146 ({RR} 7... Bf5 8. Bg2 d5 9. O-O e6 10. Nd2 Be7 11. e4 Bg6 12. exd5 cxd5 13. c4 O-O 14. cxd5 exd5 15. Nf3 Rc8 16. Ne5 Bf5 17. Rc1 Qb6 18. Qd2 Qa6 19. Bd4 Ne4 20. Qe3 Rxc1 21. Rxc1 Qxa2 22. Bxe4 {Vakhidov,J (2472)-Faizulaev,A (2322) Tashkent 2014 0-1}) ({RR} 7... Bb7 8. Bg2 Qc7 9. e4 e5 10. O-O Be7 11. c4 O-O 12. Nc3 Nd7 13. b4 Nb6 14. Qb3 a5 15. a3 a4 16. Qa2 Ba6 17. b5 cxb5 18. cxb5 Bb7 19. Rac1 Qc4 20. Qa1 Qb3 21. Rb1 Rac8 22. Rfc1 {Nakamura,H (2788)-Pinheiro,I (2270) chess.com INT 2024 1-0 (37)}) 8. Bg2 Bd7 9. h3 e5 10. Nd2 Qc7 11. c4 Rd8 12. O-O Qc8 13. h4 Ng4 14. Nf3 Bf5 15. Qc1 f6 16. Ne1 d5 17. cxd5 cxd5 18. Qxc8 Bxc8 19. Rc1 e4 20. Nc2 Bd6 21. Nd4 Bd7 22. Nc6 Rc8 23. Nxa7 Ra8 24. Bd4 Be5 25. Bb6 O-O 26. a4 Rfb8 27. a5 Rxb6 28. axb6 Rb8 29. Nc6 Rxb6 30. Ne7+ Kf7 31. Nxd5 Rxb3 32. Bxe4 Bb5 33. Rb1 Rxb1 34. Rxb1 Bxe2 35. Rb7+ Kf8 36. Bg6 1-0